| 000 | 01514nam a2200361Ia 4500 | ||
|---|---|---|---|
| 001 | ebr10463837 | ||
| 003 | CaPaEBR | ||
| 006 | m u | ||
| 007 | cr cn||||||||| | ||
| 008 | 080517s2008 enka sb 100 0 eng d | ||
| 020 | _z9781855756663 | ||
| 020 | _z1855756668 | ||
| 040 |
_aCaPaEBR _cCaPaEBR |
||
| 035 | _a(OCoLC)733464915 | ||
| 050 | 1 | 4 |
_aRC552.T7 _bJ65 2008eb |
| 082 | 0 | 4 |
_a616.85/21 _222 |
| 111 | 2 |
_aJohn Bowlby Memorial Conference _n(13th : _d2006 : _cLondon, England) |
|
| 245 | 1 | 0 |
_aTrauma and attachment _h[electronic resource] : _bthe John Bowlby Memorial Conference monograph 2006 / _cedited by Sarah Benamer and Kate White. |
| 260 |
_aLondon ; _aNew York : _bKarnac, _c2008. |
||
| 300 |
_axi, 99 p. : _bill. |
||
| 500 | _a"The Centre for Attachment-based Psychoanalytic Psychotherapy." | ||
| 504 | _aIncludes bibliographical references. | ||
| 533 |
_aElectronic reproduction. _bPalo Alto, Calif. : _cebrary, _d2011. _nAvailable via World Wide Web. _nAccess may be limited to ebrary affiliated libraries. |
||
| 650 | 0 |
_aPsychic trauma _vCongresses. |
|
| 650 | 0 |
_aAttachment behavior _vCongresses. |
|
| 650 | 0 |
_aPsychoanalysis _vCongresses. |
|
| 655 | 7 |
_aElectronic books. _2local |
|
| 700 | 1 | _aBenamer, Sarah. | |
| 700 | 1 |
_aWhite, Kate, _d1949- |
|
| 710 | 2 | _aCentre for Attachment-based Psychoanalytic Psychotherapy. | |
| 710 | 2 | _aebrary, Inc. | |
| 856 | 4 | 0 |
_uhttp://site.ebrary.com/lib/rucke/Doc?id=10463837 _zAn electronic book accessible through the World Wide Web; click to view |
| 999 |
_c129175 _d129175 |
||